Catálogo
 En Linea

La noche que atentaron contra el libertador / (Registro nro. 31169)

Detalles MARC
000 -CABECERA
campo de control de longitud fija 00567nam a2200169 a 4500
001 - NÚMERO DE CONTROL
campo de control 000031677
005 - FECHA Y HORA DE LA ÚLTIMA TRANSACCIÓN
campo de control 20200930063110.0
008 - DATOS DE LONGITUD FIJA--INFORMACIÓN GENERAL
campo de control de longitud fija 091118s1972 dr c 000 0 spa d
040 ## - FUENTE DE LA CATALOGACIÓN
Centro catalogador/agencia de origen DO-SdBNP
Lengua de catalogación spa
Centro/agencia transcriptor BNPHU
082 ## - NÚMERO DE LA CLASIFICACIÓN DECIMAL DEWEY
Número de clasificación ssss
Número de documento/Ítem P328n
049 ## - FONDOS LOCALES (OCLC)
Fondos de biblioteca BNPD
100 1# - ENTRADA PRINCIPAL--NOMBRE DE PERSONA
Nombre de persona Paulino, Aliro,
Fechas asociadas al nombre 1931-
9 (RLIN) 29753
245 13 - MENCIÓN DE TÍTULO
Título La noche que atentaron contra el libertador /
Mención de responsabilidad, etc. Aliro Paulino.
260 ## - PUBLICACIÓN, DISTRIBUCIÓN, ETC.
Lugar de publicación, distribución, etc. Santo Domingo :
Nombre del editor, distribuidor, etc. Mundo Diplomatico Internacional,
Fecha de publicación, distribución, etc. 1972.
300 ## - DESCRIPCIÓN FÍSICA
Extensión [4 ] p. : ;
Dimensiones 22 cm.
500 ## - NOTA GENERAL
Nota general Coferencia pronunciada en la Biblioteca Nacional el día 18 de diciembre
Existencias
Estado de retiro Estado de pérdida No para préstamo Código de colección Localización permanente Ubicación/localización actual Ubicación en estantería Fecha de adquisición Número de inventario Total de préstamos Signatura topográfica completa Código de barras Fecha visto por última vez Precio válido a partir de Tipo de ítem Koha Número de copia
    Excluido de préstamo Patrimonio Dominicano Patrimonio Dominicano Patrimonio Dominicano En catalogación 29.06.2011 LF1   ssss P328n 31677-10 25.06.2020 25.06.2020 Libro y Folleto Colección Patrimonio Dominicano  
    Excluido de préstamo Patrimonio Dominicano Patrimonio Dominicano Patrimonio Dominicano En catalogación 29.06.2011 LF1   ssss P328n 31677-20 25.06.2020 25.06.2020 Libro y Folleto Colección Patrimonio Dominicano e. 2

Con tecnología Koha